000 00248nam a2200109Ia 4500
999 _c8069
_d8069
020 _a978-0071231510
100 _aRamakrishnan, Gehrke
245 0 _aDatabase Management Systems
260 _aUSA
_bMicrosoft Press
_c2001
300 _a1180
942 _cBK